Central Library OPAC University of Rajshahi

Digital principles and applications / (Record no. 13022)

MARC details
000 -LEADER
fixed length control field 00970pam a2200301 a 4500
001 - CONTROL NUMBER
control field 13022
003 - CONTROL NUMBER IDENTIFIER
rucl marc code BD-RjUL
005 - DATE AND TIME OF LATEST TRANSACTION
control field 20211208235407.0
008 - FIXED-LENGTH DATA ELEMENTS--GENERAL INFORMATION
fixed length control field 140130r20071995ii a b 001 0 eng
020 ## - INTERNATIONAL STANDARD BOOK NUMBER
International Standard Book Number 0070601755
035 ## - SYSTEM CONTROL NUMBER
System control number (BD-RjUL)13072
040 ## - CATALOGING SOURCE
Original cataloging agency DLC
Transcribing agency DLC
Modifying agency DLC
-- BD-RjUL
Language of cataloging eng
041 ## - LANGUAGE CODE
Language code of text/sound track or separate title eng
082 00 - DEWEY DECIMAL CLASSIFICATION NUMBER
Classification number 621.395
Edition number 19
Author mark and year LED 2007
100 1# - MAIN ENTRY--PERSONAL NAME
Personal name Leach, Donald P.
9 (RLIN) 20099
245 10 - TITLE STATEMENT
Title Digital principles and applications /
Statement of responsibility, etc. Donald P. Leach, Albert Paul Malvino, and Goutam Sah
250 ## - EDITION STATEMENT
Edition statement 6th ed.
260 ## - PUBLICATION, DISTRIBUTION, ETC. (IMPRINT)
Place of publication, distribution, etc. New Delhi ;
-- New York :
Name of publisher, distributor, etc. McGraw-Hill,
Date of publication, distribution, etc. 1995 [reprinted 2007].
300 ## - PHYSICAL DESCRIPTION
Pagination xxii, 683 p. :
Illustrations ill. ;
Size 24 cm.
504 ## - BIBLIOGRAPHY, ETC. NOTE
Bibliography, etc Includes bibliographical references and index.
650 #0 - SUBJECT ADDED ENTRY--TOPICAL TERM
Topical term or geographic name as entry element Digital electronics.
9 (RLIN) 19985
Topical term or geographic name as entry element Electronic digital computers
General subdivision Circuits.
9 (RLIN) 20100
700 1# - ADDED ENTRY--PERSONAL NAME
Personal name Malvino, Albert Paul.
Personal name Saha, Goutam.
942 ## - ADDED ENTRY ELEMENTS (KOHA)
Source of classification or shelving scheme Dewey Decimal Classification
Koha item type Books
Holdings
Lost status Source of classification or shelving scheme Damaged status Not for loan Collection code Permanent Location Current Location Shelving location Date acquired Source of acquisition Cost, normal purchase price Total Checkouts Full call number Date last seen Copy number Koha item type
  Dewey Decimal Classification     Non-fiction Central Library, University of Rajshahi Central Library, University of Rajshahi   07/06/2008 paragon Enterprises Dhaka 279.00   621.395 LED 2007 30/01/2014 C-2 Books
  Dewey Decimal Classification   Not For Loan Non-fiction Central Library, University of Rajshahi Central Library, University of Rajshahi Reading Room 07/06/2008 Dhaka, Paragon Enterprises Ltd 279.00   621.395 LED 2007 15/03/2017 C-1 Books
  Dewey Decimal Classification     Non-fiction Central Library, University of Rajshahi Central Library, University of Rajshahi   07/06/2008 Dhaka, Paragon Enterprises Ltd 279.00   621.395 LED 2007 29/05/2017 C-3 Books